<?xml version="1.0" encoding="UTF-8"?><?xml-stylesheet type="text/xsl" href="static/style.xsl"?><OAI-PMH xmlns="http://www.openarchives.org/OAI/2.0/" xmlns:xsi="http://www.w3.org/2001/XMLSchema-instance" xsi:schemaLocation="http://www.openarchives.org/OAI/2.0/ http://www.openarchives.org/OAI/2.0/OAI-PMH.xsd"><responseDate>2026-04-13T07:08:32Z</responseDate><request verb="GetRecord" identifier="oai:www.recercat.cat:2445/169250" metadataPrefix="marc">https://recercat.cat/oai/request</request><GetRecord><record><header><identifier>oai:recercat.cat:2445/169250</identifier><datestamp>2025-12-04T21:25:12Z</datestamp><setSpec>com_2072_1057</setSpec><setSpec>col_2072_478779</setSpec><setSpec>col_2072_478917</setSpec></header><metadata><record xmlns="http://www.loc.gov/MARC21/slim" xmlns:dcterms="http://purl.org/dc/terms/" xmlns:xsi="http://www.w3.org/2001/XMLSchema-instance" xmlns:doc="http://www.lyncode.com/xoai" xsi:schemaLocation="http://www.loc.gov/MARC21/slim http://www.loc.gov/standards/marcxml/schema/MARC21slim.xsd">
   <leader>00925njm 22002777a 4500</leader>
   <datafield ind2=" " ind1=" " tag="042">
      <subfield code="a">dc</subfield>
   </datafield>
   <datafield ind2=" " ind1=" " tag="720">
      <subfield code="a">Kalú Rivas, Aruani</subfield>
      <subfield code="e">author</subfield>
   </datafield>
   <datafield ind2=" " ind1=" " tag="720">
      <subfield code="a">Alcover Amengual, Maria Magdalena</subfield>
      <subfield code="e">author</subfield>
   </datafield>
   <datafield ind2=" " ind1=" " tag="720">
      <subfield code="a">Martínez-Orellana, Pamela</subfield>
      <subfield code="e">author</subfield>
   </datafield>
   <datafield ind2=" " ind1=" " tag="720">
      <subfield code="a">Montserrat-Sangrà, Sara</subfield>
      <subfield code="e">author</subfield>
   </datafield>
   <datafield ind2=" " ind1=" " tag="720">
      <subfield code="a">Nachum-Biala, Yaarit</subfield>
      <subfield code="e">author</subfield>
   </datafield>
   <datafield ind2=" " ind1=" " tag="720">
      <subfield code="a">Fisa Saladrigas, Roser</subfield>
      <subfield code="e">author</subfield>
   </datafield>
   <datafield ind2=" " ind1=" " tag="720">
      <subfield code="a">Riera Lizandra, Ma. Cristina</subfield>
      <subfield code="e">author</subfield>
   </datafield>
   <datafield ind2=" " ind1=" " tag="720">
      <subfield code="a">Baneth, Gad</subfield>
      <subfield code="e">author</subfield>
   </datafield>
   <datafield ind2=" " ind1=" " tag="720">
      <subfield code="a">Solano-Gallego, Laia</subfield>
      <subfield code="e">author</subfield>
   </datafield>
   <datafield ind2=" " ind1=" " tag="260">
      <subfield code="c">2020-07-22T07:42:48Z</subfield>
   </datafield>
   <datafield ind2=" " ind1=" " tag="260">
      <subfield code="c">2021-06-21T05:10:21Z</subfield>
   </datafield>
   <datafield ind2=" " ind1=" " tag="260">
      <subfield code="c">2020-06-21</subfield>
   </datafield>
   <datafield ind2=" " ind1=" " tag="260">
      <subfield code="c">2020-07-22T07:42:48Z</subfield>
   </datafield>
   <datafield ind2=" " ind1=" " tag="520">
      <subfield code="a">Venezuela is a country where human and canine leishmaniosis due to Leishmania infantum, Leishmania braziliensis and other Leishmania spp. is endemic. However, only limited data is available on canine Leishmania infection in Venezuela. The aim of this cross-sectional study was to evaluate the prevalence of Leishmania infection in dogs (n = 152) from the states of Lara (n = 91) and Yaracuy (n = 61) in Venezuela by means of serological and molecular methods. Physical examination was performed and blood samples were collected from all dogs. Serology for antibodies reactive with L. infantum and L. braziliensis antigens was assessed by the enzyme-linked immunosorbent assay (ELISA) and detection of Leishmania DNA from blood samples was evaluated by kinetoplast Leishmania real-time polymerase chain reaction (RT-PCR). In addition, Leishmania internal transcribed spacer (ITS-1) RT-PCR was performed on the samples positive by kinetoplast RT-PCR. The prevalence of Leishmania infection based on serological and/or molecular techniques was 11.8%. The seroprevalence for L. infantum and L. braziliensis antigens were 2.1% (3/144) and 8.3% (12/144), respectively. All dogs from the state of Yaracuy were serologically negative to L. infantum while 4.6% (4/86) of the dogs were reactive to L. braziliensis antigen. Fourteen percent (8/58) of the dogs from the state of Lara were positive to L. infantum and 5.2% (3/58) to L. braziliensis antigen. Three dogs were positive to both Leishmania spp. antigens. By RT-PCR, 6.5% (4/61) and 4.4% (4/91) of the dog were positive for infection in the states of Lara and Yaracuy, respectively. The RT-PCR product of one dog from the state of Yaracuy was sequenced revealing a 100% identity with L. infantum. However, all RT-PCR positive dogs were seronegative to both Leishmania spp. antigens. In conclusion, the positivity for Leishmania spp. infections observed indicates that dogs are frequently infected by L. infantum, L. braziliensis or related Leishmania spp. in Venezuela.</subfield>
   </datafield>
   <datafield tag="653" ind2=" " ind1=" ">
      <subfield code="a">Leishmaniosi</subfield>
   </datafield>
   <datafield tag="653" ind2=" " ind1=" ">
      <subfield code="a">Gossos</subfield>
   </datafield>
   <datafield tag="653" ind2=" " ind1=" ">
      <subfield code="a">Veneçuela</subfield>
   </datafield>
   <datafield tag="653" ind2=" " ind1=" ">
      <subfield code="a">Malalties infeccioses en els animals</subfield>
   </datafield>
   <datafield tag="653" ind2=" " ind1=" ">
      <subfield code="a">Leishmaniasis</subfield>
   </datafield>
   <datafield tag="653" ind2=" " ind1=" ">
      <subfield code="a">Dogs</subfield>
   </datafield>
   <datafield tag="653" ind2=" " ind1=" ">
      <subfield code="a">Venezuela</subfield>
   </datafield>
   <datafield tag="653" ind2=" " ind1=" ">
      <subfield code="a">Communicable diseases in animals</subfield>
   </datafield>
   <datafield ind2="0" ind1="0" tag="245">
      <subfield code="a">Serological and molecular survey of Leishmania infection in dogs from Venezuela</subfield>
   </datafield>
</record></metadata></record></GetRecord></OAI-PMH>